| 000 | 00716nas a2200241 4500 | ||
|---|---|---|---|
| 001 | BR7302400 | ||
| 003 | BR-BrBNA | ||
| 005 | 20231205082429.0 | ||
| 007 | ta | ||
| 008 | 230509b bl.|||p| |||| 00| 00por d | ||
| 040 |
_aBR-BrBNA _bpor _cBiblioteca Nacional de Agricultura |
||
| 041 | _a(En) | ||
| 072 | _aM40 | ||
| 100 | 1 | _aJoly, A.B. | |
| 100 | 1 | _aBraga, Y.Y. | |
| 245 | 1 | _aMicrodictyon vanbosseae in the South Atlantic. - Microdictyon vanbosseae no Atlantico Sul [Brasil] | |
| 650 | _aBIOLOGIA AQUATICA | ||
| 650 | _aPLANTA AQUATICA | ||
| 650 | _aOCEANO ATLANTICO | ||
| 773 | 0 |
_tRickia (Brazil) _x _g(Jul 1974), v. 6 p. 81-87 _wBR7302400 |
|
| 909 |
_a202311 _bLúcia _c55 _dLúcia Elande |
||
| 942 |
_2AGRIS _n0 _cANA |
||
| 999 |
_c91736 _d91736 |
||